000 00352nam a22001337a 4500
020 _a9788120319547
082 _222
_a629.8
100 _aBandyopadhyan, M. N.
245 _aControl engineering :
_btheory and practice /
250 _aNA
260 _aNew Delhi,
_bPrentice hall,
_cc2009.
300 _axii,599 p. ;
_bill. ;
_c24 cm.
942 _2ddc
_cCIVIL
_06
999 _c1513
_d1513